Lập trình C# và Winform

Trình bày những kiến thức cơ bản về ngôn ngữ lập trình C# và lập trình WinForms trên NET Framework 2.0. Để đọc được cuốn sách, đòi hỏi các bạn đã biết về lập trình hướng đối tượng và hệ quản trị cơ sở dữ liệu. ; TI012; TI033; TI034; TI1...

Πλήρης περιγραφή

Αποθηκεύτηκε σε:
Λεπτομέρειες βιβλιογραφικής εγγραφής
Κύριος συγγραφέας: Phạm, Hữu Tùng
Μορφή: Βιβλίο
Γλώσσα:Undetermined
Έκδοση: H. Khoa học và Kỹ thuật 2011
Θέματα:
Διαθέσιμο Online:http://lrc.tdmu.edu.vn/opac/search/detail.asp?aID=2&ID=7796
Ετικέτες: Προσθήκη ετικέτας
Δεν υπάρχουν, Καταχωρήστε ετικέτα πρώτοι!
Thư viện lưu trữ: Trung tâm Học liệu Trường Đại học Thủ Dầu Một
LEADER 01023nam a2200205Ia 4500
001 TDMU_7796
008 210410s9999 xx 000 0 und d
082 |a 005.13C# 
090 |b PH104 
100 |a Phạm, Hữu Tùng 
245 0 |a Lập trình C# và Winform 
245 0 |c Phạm Hữu Tùng 
260 |a H. 
260 |b Khoa học và Kỹ thuật 
260 |c 2011 
300 |a 316tr. 
520 |a Trình bày những kiến thức cơ bản về ngôn ngữ lập trình C# và lập trình WinForms trên NET Framework 2.0. Để đọc được cuốn sách, đòi hỏi các bạn đã biết về lập trình hướng đối tượng và hệ quản trị cơ sở dữ liệu. ; TI012; TI033; TI034; TI120; TI157 
650 |a Ngôn ngữ lập trình C#; Lập trình WinForms  
856 |u http://lrc.tdmu.edu.vn/opac/search/detail.asp?aID=2&ID=7796 
980 |a Trung tâm Học liệu Trường Đại học Thủ Dầu Một